| 000 | 01176nam a2200205 i 4500 | ||
|---|---|---|---|
| 001 | 63738 | ||
| 003 | ES-MaACL | ||
| 005 | 20230906164945.0 | ||
| 007 | t| | ||
| 008 | 031216s1917 cl ||||1| spa d | ||
| 245 | 0 | 0 |
_aFiesta de la raza, 1492-1916 _b: juegos florales organizados por la Colonia Española de Concepción (Chile) / _cprólogo de Olegario Sáez Navarro. |
| 260 |
_aConcepción (Chile) : _b[s.n.], _c1917 ( _fImp. José V. Soulodre) |
||
| 300 |
_a339 p. ; _c25 cm. |
||
| 505 | 8 | _aContiene: Cómo nacieron los juegos florales / por Bernardino Corral. Composiciones en verso. Medios prácticos de un acercamiento más estrecho entre España y la América española / por Luis Felipe Contardo. La colonización española según las leyes de Indias fue la más humanitaria / por Olegario Sáez. La colonización española según las leyes de Indias fue la más humanitaria / por Angel Clavero Navarro. Homenaje literario a la Reina de los juegos florales | |
| 700 | 1 |
_aCorral, Bernardino. _940706 |
|
| 700 | 1 |
_aContardo, Luis Felipe. _940262 |
|
| 700 | 1 |
_aClavero Navarro, Angel. _939134 |
|
| 700 | 0 |
_aSáez Navarro, Olegario. _9101381 |
|
| 852 |
_aES-MaACL _jF-950 |
||
| 999 |
_c63738 _d63738 |
||